Statistics for Polish Speedway Clubs

Click here to take the quiz!

General Stats

  • This quiz has been taken 142 times
  • The average score is 5 of 8

Answer Stats

Answer% Correct
Falubaz Zielona Gora
86%
Fogo Unia Leszno
69%
.Betard Sparta Wroclaw
65%
Wlokniarz Czestochowa
64%
ROW Rybnik
63%
Get Well Torun
57%
GKM Grudziadz
56%
Stal Gorzow Wielkopolski
36%

Score Distribution

Percentile by Number Answered

Percent of People with Each Score

Your Score History

You have not taken this quiz